Minecraft Mobs - Statistics

General Stats
  • This quiz has been taken 114 times
  • The average score is 46 of 77
Answer Stats
Answer % Correct
Zombie
90%
Cow
88%
Pig
88%
Skeleton
86%
Ender Dragon
82%
Villager
82%
Wither
80%
Chicken
78%
Blaze
76%
Cat
76%
Creeper
76%
Enderman
76%
Sheep
76%
Wolf
76%
Piglin
72%
Axolotl
70%
Bee
70%
Ghast
70%
Spider
70%
Wither Skeleton
70%
Ocelot
68%
Salmon
68%
Donkey
66%
Endermite
66%
Frog
66%
Drowned
64%
Pillager
64%
Warden
64%
Witch
64%
Allay
62%
Cod
62%
Dolphin
62%
Elder Guardian
62%
Fox
62%
Guardian
62%
Horse
62%
Iron Golem
62%
Parrot
62%
Bat
60%
Husk
60%
Panda
60%
Shulker
60%
Cave Spider
58%
Hoglin
58%
Phantom
58%
Pufferfish
58%
Zombie Villager
58%
Goat
56%
Llama
56%
Silverfish
56%
Slime
56%
Camel
52%
Squid
52%
Turtle
52%
Glow Squid
50%
Magma Cube
50%
Mule
50%
Polar Bear
50%
Tropical Fish
50%
Vindicator
50%
Zombified Piglin
50%
Evoker
48%
Rabbit
48%
Skeleton Horse
48%
Snow Golem
48%
Strider
48%
Vex
48%
Sniffer
46%
Ravager
44%
Mooshroom
42%
Stray
42%
Piglin Brute
40%
Tadpole
36%
Zoglin
34%
Zombie Horse
34%
Trader Llama
28%
Wander Trader
10%
No matching quizzes found
Score Distribution
Percent of People with Each Score
Percentile by Number Answered
Your Score History
You have not taken this quiz